| 000 | 00766cam a22002657a 4500 | ||
|---|---|---|---|
| 001 | 000618 | ||
| 003 | armpunfd | ||
| 005 | 20140612090615.0 | ||
| 008 | 011019e1989####xx#a##########000#0#und#d | ||
| 040 |
_aarmpunfd _carmpunfd |
||
| 080 | _a340.6 G 62 | ||
| 100 | 1 | 0 | _a Gonzalez, Orlando S. |
| 245 | 1 | 0 | _aResponsabilidad medico legal en el sida |
| 260 |
_a Buenos Aires _b Ediciones Juridicas _c1989 |
||
| 300 | _a241 p. | ||
| 650 | 7 |
_a Derecho Laboral _2LEMB |
|
| 650 | 7 |
_a Medicina Legal _2LEMB |
|
| 650 | 7 |
_a Medicina Preventiva _2LEMB |
|
| 650 | 7 |
_a Responsabilidad Profesional _2LEMB |
|
| 700 | 1 | 0 | _aGarat, Maria Cristina |
| 700 | 1 | 0 | _aMarchesini, Gualterio M. |
| 942 |
_cLB _2cdu |
||
| 945 |
_aCatalis _d2010-08-19 |
||
| 945 |
_aCatalis _d2010-08-19 |
||
| 999 |
_c611 _d231115 |
||